000 00619nam a2200253Ia 4500
005 20260306153821.0
008 008 260114s9999 xx 000 0 eng d
020 _a9781783082681
037 _aEBOOK
040 _aCRL
040 _beng
040 _cCRL
041 _2eng
041 _aeng
084 _qCRL
100 _aKadri
_91126289
245 0 _aArab Development Denied 1st ed
260 _bAnthem Press
260 _c2014
650 _aPolitical Science
856 _uhttps://www.cambridge.org/core/product/identifier/9781783082681/type/BOOK
942 _cEBOOK
999 _c1705022
_d1705022